000 01640nam2a2200265 4500
001 RU\NLR\BIBL_A\010853913
005 20250624192419.0
010 _a978-5-902484-71-4
_9500
021 _aRU
_b2015-65071
_93885
035 _a(NLR Aleph) 010853913
090 _a10386671
_c10386671
100 _a20151001d2015 |||y0rusy50 ca
101 0 _arus
102 _aRU
105 _aach|z|||100yy
200 0 _a[Вып.] 16
_e[основан на материалах XVI конференции "Кадашевские чтения", прошедшей в храме Воскресения Христова в Кадашах 15-16 декабря 2014 г.]
210 _aМосква
_cЛуг духовный
_cОбщество сохранения литературного наследия
_d2015
215 _a303 с.
_cил., цв. ил., факс., портр.
320 _aБиблиогр. в примеч. в конце ст.
461 0 _1001RU\NLR\bibl\1705438
_12000#$aКадашевские чтения$eсборник докладов конференции$f[гл. ред.: Протоиерей Александр Салтыков]$v[Вып.] 16
_91193369
_cМосква
_d2009
_f[гл. ред.: Протоиерей Александр Салтыков]
_nКадашевская Слобода
_oсборник докладов конференции
_tКадашевские чтения
_v[Вып.] 16
711 1 2 _a"Кадашевские чтения", конференция
_d16
_eКадаши
_f2015
_9485926
_3RU\NLR\AUTH\880410089
942 _cBOOK
980 _aNB